000 00641nam a2200205Ia 4500
005 20241129110159.0
008 241129s9999||||xx |||||||||||||| ||und||
037 _aTB
040 _aARTS
_bhin
_cARTS
041 _ahin
_2hin
084 _aO152,3M90,BS R1
_qARTS
100 _aगुरूदत्त, ले.
245 0 _aबंधन शादी का
_cगुरूदत्त, ले.
260 _aदिल्ली, भारत
_bअजय बुक डिपो
_c2015
300 _a175पृ0
365 _aINR
_b350
650 _aHindi Fiction
942 _cTB
_hO152,3M90,BS R1
999 _c1227631
_d1227631